logo

Bir Sreshtho Munshi Abdur Rouf Library
Jhenaidah Cadet College

Guide to research writing / (Record no. 10253)

MARC details
000 -LEADER
fixed length control field 00729cam a22002771 4500
001 - CONTROL NUMBER
JCCL Control Number 10253
003 - CONTROL NUMBER IDENTIFIER
JCCL marc code BD-JhCC
005 - DATE AND TIME OF LATEST TRANSACTION
control field 20180520130006.0
008 - FIXED-LENGTH DATA ELEMENTS--GENERAL INFORMATION
fixed length control field 180421s1963 mau 000 0 eng
035 ## - SYSTEM CONTROL NUMBER
system control number (BD-JhCC)10253
035 ## - SYSTEM CONTROL NUMBER
system control number (OCoLC)1075319
040 ## - CATALOGING SOURCE
Original cataloging agency DLC
Transcribing agency OTU
Modifying agency OCoLC
-- DLC
-- BD-JhCC
041 ## - LANGUAGE CODE
Language code of Book eng
050 00 - LIBRARY OF CONGRESS CALL NUMBER
Classification number PE1478
Item number .P8 1963
082 ## - DEWEY DECIMAL CLASSIFICATION NUMBER
Classification number 808.06
Author mark and Year PUG 1963
100 1# - MAIN ENTRY--PERSONAL NAME
Personal name Pugh, Griffith Thompson,
Dates associated with a name 1908-
245 10 - TITLE STATEMENT
Title Guide to research writing /
Statement of responsibility, etc Griffith Thompson Pugh,
250 ## - EDITION STATEMENT
Edition statement 2d ed.
260 ## - PUBLICATION, DISTRIBUTION, ETC. (IMPRINT)
Place of publication, distribution, etc Boston :
Name of publisher, distributor, etc Houghton Mifflin,
Date of publication, distribution, etc 1963.
300 ## - PHYSICAL DESCRIPTION
Pagination 56 p.
Dimensions 25 cm.
650 #0 - SUBJECT ADDED ENTRY--TOPICAL TERM
Topical term or geographic name as entry element Report writing.
650 #0 - SUBJECT ADDED ENTRY--TOPICAL TERM
Topical term or geographic name as entry element Research.
740 0# -
Uncontrolled related/analytical title Research writing.
942 ## - ADDED ENTRY ELEMENTS (KOHA)
Source of classification or shelving scheme Dewey Decimal Classification
Koha item type Books
Holdings
Source of classification or shelving scheme Damaged status Not for loan Home library Current library Shelving location Date of accession Total Checkouts Full call number Barcode Date last seen Copy number Koha item type
Dewey Decimal Classification     JCC Rouf Library JCC Rouf Library General Stacks 04/21/2018   808.06 PUG 1963 1182 04/21/2018 C-1 Books

JCC Library | Contacts | JCC Home

Last Update on 23 September 2017
Copyright @ 2017-2020 JCC Rouf Library
Rouf Library, Jhenidah Cadet College (JCC), Bangladesh